000 01163 a2200217 4500
003 Nust
005 20221223114628.0
010 _a66016127
020 _a9971512351
040 _cNust
082 _a621.3851,KUO
100 _aKuo, Franklin F.
245 _aNetwork analysis and synthesis /
_cFranklin F. Kuo
250 _a2nd ed
260 _aWiley
_bNew York
_c1966
300 _axvii, 515p
_billus
_c24cm
505 _aSignal and Systems (Page-1), Signals and Waveforms (Page-20), The Frequency Domain: Fourier Analysis (Page-46), Differential Equations (Page-75),Network s Analysis: 1 (Page-100), The Laplace Transform (Page-134),Transform Method in Network Analysis (Page-175), Amplitude, Phase and Delay (Page-212), Network Analysis: 2 (Page-253), Elements of Realizability Theory (Page-290), Synthesis of One Port Networks with Two Kinds of Elements (Page-315), Elements of Transfer Functions Synthesis (Page-341), Topics in Filter Design (Page-365), The Scattering Matrix (Page-413), Computer Techniques in Circuit Analysis (Page-438).
600 _aKuo, Franklin F.
_9105750
650 _aNetwork analysis and synthesis
_9102335
942 _2ddc
_cBK
999 _c183717
_d183717